Le contrat de vente international pour les exportateurs non-juristes (Registro nro. 159432)
[ vista simple ]
| 000 -LEADER | |
|---|---|
| fixed length control field | 01009ny a22002293n 4500 |
| 008 - FIXED-LENGTH DATA ELEMENTS--GENERAL INFORMATION | |
| fixed length control field | 091214s2005 be 000 0 fre d |
| 020 ## - INTERNATIONAL STANDARD BOOK NUMBER | |
| International Standard Book Number | 9782930287492 |
| 035 ## - | |
| -- | 2380 |
| 040 ## - CATALOGING SOURCE | |
| Original cataloging agency | BUS |
| Modifying agency | vLex |
| 090 ## - | |
| -- | 924 |
| -- | 924 |
| 100 1# - MAIN ENTRY--PERSONAL NAME | |
| Personal name | Destexhe, Christine |
| 245 13 - TITLE STATEMENT | |
| Title | Le contrat de vente international pour les exportateurs non-juristes |
| Medium | [Recurso electrónico] |
| Statement of responsibility, etc | Christine Destexhe |
| 256 ## - | |
| -- | Servicio en línea |
| 260 ## - PUBLICATION, DISTRIBUTION, ETC. (IMPRINT) | |
| Place of publication, distribution, etc | Bélgica : |
| Name of publisher, distributor, etc | Edipro, |
| Date of publication, distribution, etc | 2005 |
| 506 1# - RESTRICTIONS ON ACCESS NOTE | |
| Terms governing access | Contenido solo disponible en los productos indicados |
| Authorized users | vLex Global |
| -- | vLex Global (Academic Edition, excluding Law Schools) |
| -- | vLex Global (U.S. Academic Edition, Law Schools) |
| -- | vLex Global (U.S. Academic Edition, excluding Law Schools) |
| -- | vLex Global (Academic Edition, Law Schools) |
| 650 04 - SUBJECT ADDED ENTRY--TOPICAL TERM | |
| Topical term or geographic name as entry element | Contratos reales (Derecho civil) |
| 651 #4 - SUBJECT ADDED ENTRY--GEOGRAPHIC NAME | |
| Geographic name | España |
| Geographic subdivision | Relaciones exteriores |
| General subdivision | Derecho |
| 740 0# - | |
| -- | vLex Libros (Servicios en línea) |
| 856 40 - LOCALIZACIÓN Y ACCESO ELECTRÓNICO | |
| Identificador Uniforme del Recurso (URI/URL) | https://app.vlex.com/#/sources/2380 |
| 942 ## - | |
| -- | RAA |
| 999 ## - | |
| -- | 159432 |
| -- | 159432 |
No hay ítems disponibles.